00182nam a22000977a 4500003000400000082001300004100001800017245002000035260002100055300000800076SGT a746bSMI aSMITH, ALISON aTHE SEWING BOOK bDK. LONDONc2009 a400